Top 20 des Salaires Moyens par Pays - Statistiques

Statistiques générales
  • Ce quiz a été pris 483 fois
  • Le résultat moyen est 14 sur 20
Statistiques - réponses
Rang Revenu Mensuel Moyen Pays % Correct
5 6 364,2 $ États-Unis
97%
3 7 454,2 $ Suisse
95%
17 4 413,3 $ Canada
87%
16 4 449,2 $ Allemagne
84%
19 4 074,2 $ Royaume-Uni
81%
10 5 249,2 $ Suède
81%
2 7 600,0 $ Luxembourg
79%
1 7 959,2 $ Norvège
79%
15 4 530,0 $ Finlande
75%
11 5 035,8 $ Australie
74%
6 6 100,0 $ Danemark
73%
20 4 058,3 $ Belgique
71%
12 4 785,8 $ Pays-Bas
68%
4 6 755,8 $ Irlande
64%
8 5 685,0 $ Islande
59%
18 4 079,2 $ Émirats Arabes Unis
58%
7 5 875,0 $ Qatar
57%
13 4 678,3 $ Autriche
56%
9 5 600,0 $ Singapour
55%
14 4 554,2 $ Israël
28%
Aucun quiz correspondant
Distribution des résultats
% des personnes avec chaque résultat
Percentile par nombre de réponses
Votre historique - résultats
Vous n’avez pas pris ce quiz